000 00324nam a2200133Ia 4500
005 20260328104305.0
008 260328s9999||||xx |||||||||||||| ||und||
100 _aCamacho, Eduardo
245 0 _aPoesia y Prosa /
_cEduardo Camacho
260 _bEl Áncora Editores
300 _a125 p.
650 _aCOLOMBIA
942 _cBK
999 _c10732
_d10732